书目信息 |
| 题名: |
零基础法语入门书
|
|
| 作者: | 朱广赢 编著 | |
| 分册: | ||
| 出版信息: | 大连 大连理工大学出版社 2019 |
|
| 页数: | 160页 | |
| 开本: | 21cm | |
| 丛书名: | ||
| 单 册: | ||
| 中图分类: | H32 | |
| 科图分类: | ||
| 主题词: | 法语--自学参考资料 | |
| 电子资源: | ||
| ISBN: | 978-7-5685-2137-6 | |
| 000 | 00953nam0 2200217 450 | |
| 001 | 2066215979 | |
| 005 | 20201201182344.60 | |
| 010 | @a978-7-5685-2137-6@dCNY33.00 | |
| 100 | @a20191120d2019 em y0chiy50 ea | |
| 101 | 0 | @achi@afre |
| 102 | @aCN@b210000 | |
| 105 | @ay z 001yy | |
| 200 | 1 | @a零基础法语入门书@9ling ji chu fa yu ru men shu@b专著@f朱广赢编著 |
| 210 | @a大连@c大连理工大学出版社@d2019 | |
| 215 | @a160页@d21cm | |
| 330 | @a本书包含语音篇和场景篇两大篇章。语音篇从字母表到语音知识、语音规则等讲起,目的让学习者进行语音知识的学习和操练。场景篇以主题划分章节,以口语会话为核心,共有20篇课文、五个文化小知识。每课以日常对话作为开篇,将会话作为主题的核心,设置了重点词汇、交际用语、语音训练、关键语法、口语练习等栏目,让学习者在学习法语知识的同时,能够温习前面所学过的语音知识。 | |
| 606 | 0 | @a法语@j自学参考资料 |
| 690 | @aH32@v5 | |
| 701 | 0 | @a朱广赢@9zhu guang ying@4编著 |
| 801 | 2 | @aCN@b58marc.cn@c20200216 |
| 905 | @aZUCC@dH32@e3 | |
| 零基础法语入门书/朱广赢编著.-大连:大连理工大学出版社,2019 |
| 160页;21cm |
| ISBN 978-7-5685-2137-6:CNY33.00 |
| 本书包含语音篇和场景篇两大篇章。语音篇从字母表到语音知识、语音规则等讲起,目的让学习者进行语音知识的学习和操练。场景篇以主题划分章节,以口语会话为核心,共有20篇课文、五个文化小知识。每课以日常对话作为开篇,将会话作为主题的核心,设置了重点词汇、交际用语、语音训练、关键语法、口语练习等栏目,让学习者在学习法语知识的同时,能够温习前面所学过的语音知识。 |
| ● |
| 相关链接 |
|
|
|
正题名:零基础法语入门书
索取号:H32/3
 
预约/预借
| 序号 | 登录号 | 条形码 | 馆藏地/架位号 | 状态 | 备注 |
| 1 | 2000873948 | 2000873948 | 第二书库/ [索取号:H32/3] | 在馆 | |
| 2 | 2000873949 | 2000873949 | 第二书库/ [索取号:H32/3] | 在馆 | |
| 3 | 2000873950 | 2000873950 | 第二书库/ [索取号:H32/3] | 在馆 |